An Introduction to Independence for Analysis
Αποθηκεύτηκε σε:
| Κύριος συγγραφέας: | |
|---|---|
| Άλλοι συγγραφείς: | |
| Μορφή: | Βιβλίο |
| Γλώσσα: | English |
| Δημοσίευση: |
Cambridge :
Cambridge University Press,
1988
|
| Έκδοση: | 1st ed., Repr. |
| Σειρά: | London Mathematical Society lecture note series ;
; 115 |
| Θέματα: | |
| Ετικέτες: |
Προσθήκη ετικέτας
Δεν υπάρχουν, Καταχωρήστε ετικέτα πρώτοι!
|
MARC
| LEADER | 00000nam a2200000 i 4500 | ||
|---|---|---|---|
| 001 | 1/40973 | ||
| 008 | 950220s1988 eng d | ||
| 020 | |a 0-521-33996-0 | ||
| 035 | |a 1995 |l 10041384 | ||
| 035 | |a 1995 |c ΚΩΤΣΑΚΗΣ | ||
| 040 | |a GR-MY-UA |b gre |e aacr | ||
| 041 | 0 | |a eng | |
| 082 | 0 | |a 511.322 | |
| 100 | 1 | |a Dales, H. G. |q (Harold G.) |d 1944- | |
| 245 | 1 | 3 | |a An Introduction to Independence for Analysis / |c H.G. Dales and W.H Woodin |
| 250 | |a 1st ed., Repr. | ||
| 260 | |a Cambridge : |b Cambridge University Press, |c 1988 | ||
| 300 | |a 241 p.; |c 23 cm. | ||
| 490 | 1 | |a London Mathematical Society lecture note series |v ; 115 | |
| 500 | |a Includes bibliographical references and index | ||
| 650 | 0 | 0 | |a Set theory. |
| 650 | 0 | 0 | |a Independence (Mathematics) |
| 700 | 1 | |a Woodin, W.H. | |
| 830 | 0 | |a London Mathematical Society lecture note series ; |v ; 115 | |
| 852 | |a INST |b SAMOS |e 19960628 |h 511.322 DAL |p 005300005403 |q 005300005403 |t BK |y 0 | ||
| 852 | |a INST |b SAMOS |e 19950220 |h 511.322 DAL |p 005300006291 |q 005300006291 |t BK |y 0 | ||
| 909 | |a Σ |b 038082 | ||
| 909 | |a Σ |b 041389 | ||